| 000 | 00872nam a22002057a 4500 | ||
|---|---|---|---|
| 999 |
_c11655 _d11655 |
||
| 003 | AR-CdUCM | ||
| 008 | 190404b ||||| |||| 00| 0 spa d | ||
| 040 |
_aMUNICIPALIDAD PROVINCIAL DEL CUSCO _cBIBLIOTECA MUNICIPAL DEL CUSCO |
||
| 041 | _hfre | ||
| 082 |
_a349.7 / _bW22 / 1845 |
||
| 100 |
_aWalter, Ferdinand M. _929119 |
||
| 245 | _aManual de derecho eclesiástico universal / | ||
| 260 |
_aParís : _bLibr. de Don Vicente Salvá, _c1845. |
||
| 300 |
_a552 páginas ; _c18 cm. |
||
| 505 | _aContenido: Bases de la iglesia católica -- Bases de la iglesia católica de oriente -- Bases del derecho canónico protestante -- Relaciones entre la iglesia y el estado -- Relación entre las distintas confesiones ... | ||
| 650 |
_aDerecho eclesiástico _929120 |
||
| 700 |
_aEscriche, Joaquin D. (traducción) _929121 |
||
| 942 |
_2ddc _cLIBROS |
||
| 945 |
_aacv _d04/04/2019 |
||